[Event "7th Windsor Bradley op"]
[Site "Windsor Locks, CT"]
[Date "2002.??.??"]
[EventDate "?"]
[Round "?"]
[Result "1-0"]
[White "John A Curdo"]
[Black "Fabiano Caruana"]
[WhiteElo "2201"]
[BlackElo "2024"]
[PlyCount "93"]

1.e4 e5 2.Nf3 Nc6 3.Nc3 Nf6 4.Bb5 Qe7 5.O-O g6 6.d4 Nxd4
7.Nxd4 exd4 8.Nd5 Nxd5 9.exd5 Qf6 10.Re1+ Be7 11.Qe2 c6 12.Ba4
Kd8 13.dxc6 dxc6 14.Bf4 Re8 15.Be5 Qf5 16.Rad1 Bd7 17.Rxd4 Bc5
18.Re4 h5 19.c3 Kc8 20.Bc2 Bb6 21.Bg3 Rxe4 22.Bxe4 Qe6 23.Qd2
Bc7 24.Bc2 Qf6 25.Rd1 Qe7 26.Bh4 Qe8 27.Re1 Be6 28.Bb3 Qd7
29.Bxe6 fxe6 30.Qe3 e5 31.Qg5 Bd8 32.Qxd8+ Qxd8 33.Bxd8 Kxd8
34.Rxe5 Kd7 35.Kf1 Rf8 36.Ke2 Kd6 37.Rg5 Rf6 38.h4 Ke6 39.Rg3
a6 40.Rf3 Rxf3 41.Kxf3 Kf5 42.Ke3 Kg4 43.g3 c5 44.c4 b6 45.b3
a5 46.Ke4 g5 47.f3+ 1-0

[Event "Nassau Futurity"]
[Site "?"]
[Date "2002.07.08"]
[EventDate "?"]
[Round "?"]
[Result "1/2-1/2"]
[White "Brian Karen"]
[Black "Fabiano Caruana"]
[WhiteElo "2125"]
[BlackElo "2662"]
[PlyCount "59"]

1. e4 e5 2. Nf3 Nc6 3. Bb5 g6 4. d4 exd4 5. c3 d3 6. Qxd3 Bg7
7. Bg5 Nge7 8. Nbd2 O-O 9. h4 h6 10. Bf4 d5 11. O-O-O Bg4
12. Nb3 a6 13. Bxc6 bxc6 14. Rd2 Qc8 15. Ne5 Bxe5 16. Bxe5 Qe6
17. Qg3 dxe4 18. Nc5 Qf5 19. Nd7 Nd5 20. Rxd5 cxd5 21. Nf6+
Kg7 22. Nxg4+ f6 23. Bd4 Rac8 24. Ne3 Qe6 25. Bc5 Rfd8 26. h5
g5 27. Nc2 Qc6 28. Nd4 Qd7 29. Qh3 Qxh3 30. Rxh3 1/2-1/2

[Event "Nassau Futurity"]
[Site "?"]
[Date "2002.10.08"]
[EventDate "2002.??.??"]
[Round "?"]
[Result "1/2-1/2"]
[White "Fabiano Caruana"]
[Black "Brian Karen"]
[WhiteElo "2662"]
[BlackElo "2125"]
[PlyCount "54"]

1. e4 c5 2. Nf3 g6 3. d4 Bg7 4. c3 cxd4 5. cxd4 d5 6. e5 Bg4
7. Nc3 Nc6 8. Be2 Bxf3 9. Bxf3 e6 10. O-O Nge7 11. Nb5 O-O
12. Nd6 Qb6 13. Be3 f6 14. Bg4 Nf5 15. Bxf5 exf5 16. Qf3 Ne7
17. Rab1 f4 18. Qg4 fxe3 19. Qe6+ Kh8 20. Qxe7 exf2+ 21. Rxf2
fxe5 22. Rbf1 Rxf2 23. Rxf2 Qxd4 24. Nf7+ Kg8 25. Qe6 Qxf2+
26. Kxf2 Rf8 27. Qxd5 Rxf7+ 1/2-1/2

[Event "World Open: Open Section"]
[Site "Philadelpha, PA USA"]
[Date "2003.07.04"]
[EventDate "?"]
[Round "4"]
[Result "1/2-1/2"]
[White "Fabiano Caruana"]
[Black "John Langreck"]
[WhiteElo "2154"]
[BlackElo "2215"]
[PlyCount "106"]

1. e4 c5 2. Nf3 Nc6 3. Bb5 e6 4. Bxc6 bxc6 5. O-O Ne7 6. d4
cxd4 7. Qxd4 Ng6 8. e5 Be7 9. Rd1 O-O 10. Be3 f6 11. exf6 Bxf6
12. Qb4 Ba6 13. Nd4 Qb6 14. Qa4 Qxb2 15. Nb3 Bb5 16. Qe4 Qe5
17. Qxe5 Nxe5 18. Bc5 d6 19. Rxd6 Nc4 20. Rd3 Rfd8 21. Bd4 e5
22. Bc3 e4 23. Bxf6 exd3 24. Bxd8 Rxd8 25. cxd3 Rxd3 26. h3 a5
27. Kh2 a4 28. Nc1 Rd1 29. Nc3 Re1 30. Nb3 Re5 31. Nd4 Nd6
32. Rd1 Rc5 33. Ndxb5 cxb5 34. Nxa4 bxa4 35. Rxd6 Rc2 36. a3
Rc3 37. Ra6 Rxa3 38. Ra7 h6 39. h4 Ra2 40. Kg3 Kf8 41. h5 a3
42. f4 Ra1 43. Kh2 a2 44. g4 Ke8 45. g5 Kd8 46. g6 Rf1
47. Rxa2 Rxf4 48. Kg3 Rf5 49. Kg4 Rg5+ 50. Kh4 Rd5 51. Ra8+
Ke7 52. Rg8 Kf6 53. Rf8+ Ke6 1/2-1/2

[Event "31st Annual World Open"]
[Site "Philadelphia, PA"]
[Date "2003.07.06"]
[EventDate "2003.??.??"]
[Round "8"]
[Result "1/2-1/2"]
[White "Fabiano Caruana"]
[Black "Joseph J Mucerino"]
[WhiteElo "2154"]
[BlackElo "1997"]
[PlyCount "104"]

1. e4 d5 2. Nc3 d4 3. Nce2 e5 4. d3 Nc6 5. f4 f6 6. f5 g6
7. Ng3 Qd6 8. Nf3 Bd7 9. Nh4 Nge7 10. Bd2 O-O-O 11. Be2 gxf5
12. Nhxf5 Nxf5 13. exf5 Ne7 14. O-O Bc6 15. Bf3 h5 16. Bxh5
Bh6 17. Bf7 Bd5 18. Ne4 Qb6 19. Be6+ Bxe6 20. fxe6 f5 21. Bxh6
Rxh6 22. Ng5 Rg8 23. Qd2 Rh5 24. Nf3 e4 25. dxe4 d3+ 26. Qf2
Qxf2+ 27. Rxf2 fxe4 28. Nd4 Rd8 29. Rf7 Rxd4 30. Rxe7 d2
31. Re8+ Rd8 32. Rxd8+ Kxd8 33. Kf2 Rxh2 34. Rd1 e3+ 35. Kxe3
Rxg2 36. Rxd2+ Rxd2 37. Kxd2 Ke7 38. Ke3 Kxe6 39. Ke4 Kd6
40. Kf5 Kd5 41. Kf6 Kd6 42. Kf7 Kd7 43. a4 a6 44. a5 b6
45. axb6 cxb6 46. Kf6 Kd6 47. Kf5 Kd5 48. Kf4 Kd4 49. Kf3 a5
50. Ke2 a4 51. Kd2 Kc4 52. Kc1 Kd4 1/2-1/2

[Event "Marshall CC Saturday Action"]
[Site "Marshall Chess Club"]
[Date "2004.05.29"]
[EventDate "2004.05.29"]
[Round "2"]
[Result "1-0"]
[White "Stanislav G Kriventsov"]
[Black "Fabiano Caruana"]
[WhiteElo "2406"]
[BlackElo "2646"]
[PlyCount "79"]

1. e4 c5 2. Nf3 Nc6 3. d4 cxd4 4. Nxd4 Nf6 5. Nc3 e5 6. Ndb5
d6 7. Bg5 a6 8. Na3 b5 9. Nd5 Be7 10. Bxf6 Bxf6 11. c3 Ne7
12. Nxf6+ gxf6 13. Bd3 Rg8 14. Qf3 Rg6 15. h3 Be6 16. Nc2 Qd7
17. Ne3 Kf8 18. g4 Rb8 19. a3 Rh6 20. Rd1 a5 21. Nf5 Rg6
22. Bc2 Bxf5 23. exf5 Rg7 24. Be4 b4 25. axb4 axb4 26. c4 Rc8
27. b3 Nc6 28. Bxc6 Rxc6 29. Ke2 Ke7 30. Rd2 Rg8 31. Ra1 Rgc8
32. Qe3 Rc5 33. Rad1 R5c6 34. Rd5 Qc7 35. g5 Ra8 36. gxf6+
Kxf6 37. Qh6+ Ke7 38. Qg5+ Kf8 39. f6 Ra2+ 40. Kf1 1-0

[Event "FSIM May"]
[Site "Budapest HUN"]
[Date "2005.??.??"]
[EventDate "?"]
[Round "1"]
[Result "1/2-1/2"]
[White "Fabiano Caruana"]
[Black "Peter Prohaszka"]
[WhiteElo "2255"]
[BlackElo "2265"]
[PlyCount "74"]

1. e4 c6 2. d4 d5 3. Nd2 dxe4 4. Nxe4 Nd7 5. Nf3 Ngf6 6. Ng3
e6 7. Bd3 c5 8. O-O cxd4 9. Nxd4 Bc5 10. Nf3 O-O 11. a3 Be7
12. b4 b6 13. Bb2 Bb7 14. Nd4 Ne5 15. Nxe6 fxe6 16. Bxe5 Qd5
17. Qf3 Qxf3 18. gxf3 Bxf3 19. Rae1 Rad8 20. h3 Nd5 21. Ne2
Bf6 22. Nd4 Bxe5 23. Rxe5 Nxb4 24. Nxe6 Nxd3 25. cxd3 Rf6
26. Nxd8 Rg6+ 27. Kh2 Rg2+ 28. Kh1 Rg5+ 29. Kh2 Rg2+ 30. Kh1
Rg5+ 31. Kh2 Rxe5 32. Rc1 Rg5 33. Rc7 Rg2+ 34. Kh1 Bd5
35. Rxa7 h5 36. Rd7 Rg5+ 37. Kh2 Rg2+ 1/2-1/2

[Event "FSIM June"]
[Site "Budapest HUN"]
[Date "2005.??.??"]
[EventDate "?"]
[Round "1"]
[Result "0-1"]
[White "Fabiano Caruana"]
[Black "Miklos Galyas"]
[WhiteElo "2255"]
[BlackElo "2444"]
[PlyCount "100"]

1. e4 e6 2. d4 d5 3. Nc3 Bb4 4. e5 c5 5. a3 Bxc3+ 6. bxc3 Ne7
7. h4 Qc7 8. Nf3 b6 9. h5 h6 10. a4 Ba6 11. Bxa6 Nxa6 12. a5
bxa5 13. O-O O-O 14. Qe2 Nb8 15. dxc5 Nd7 16. Nd4 Qxe5 17. Qb5
Nf6 18. Qb7 Nf5 19. Nc6 Qxc3 20. Rxa5 Nd4 21. Qb4 Qxb4
22. Nxb4 Rfc8 23. Bb2 Nc6 24. Nxc6 Rxc6 25. Bd4 Ne4 26. Rb1
Nd2 27. Rb6 Rcc8 28. Rba6 Nc4 29. Rb5 e5 30. Ba1 Rab8 31. Rxb8
Rxb8 32. c6 Rc8 33. g3 f6 34. Kg2 Nb6 35. Rxa7 Rxc6 36. Ra6
Rd6 37. f4 d4 38. fxe5 fxe5 39. Kf3 Nc4 40. Ra8+ Kf7 41. Ke4
Re6 42. c3 Nd6+ 43. Kd3 e4+ 44. Kxd4 Nf5+ 45. Kc5 e3 46. Ra7+
Ne7 47. c4 e2 48. Bc3 e1=Q 49. Bxe1 Rxe1 50. Kd6 Rd1+ 0-1

[Event "FSIM June"]
[Site "Budapest HUN"]
[Date "2005.??.??"]
[EventDate "?"]
[Round "3"]
[Result "1/2-1/2"]
[White "Fabiano Caruana"]
[Black "Juergen Brustkern"]
[WhiteElo "2255"]
[BlackElo "2258"]
[PlyCount "32"]

1. e4 c5 2. Nf3 e6 3. c3 d5 4. exd5 Qxd5 5. d4 Nf6 6. Be2 Nc6
7. O-O Be7 8. Be3 cxd4 9. cxd4 O-O 10. Nc3 Qd8 11. Ne5 Bd7
12. Bf3 Rc8 13. Re1 b6 14. a3 Be8 15. h3 Bd6 16. Bf4 Bb8
1/2-1/2

[Event "FSIM June"]
[Site "Budapest HUN"]
[Date "2005.??.??"]
[EventDate "?"]
[Round "13"]
[Result "1-0"]
[White "Kerem Laciner"]
[Black "Fabiano Caruana"]
[WhiteElo "2174"]
[BlackElo "2255"]
[PlyCount "41"]

1. d4 Nf6 2. c4 g6 3. Nc3 d5 4. Bf4 Bg7 5. e3 c5 6. dxc5 Qa5
7. Rc1 dxc4 8. Bxc4 Qxc5 9. Nb5 Qb4+ 10. Kf1 O-O 11. a3 Qa5
12. b4 Qa6 13. Qb3 Ne4 14. Nf3 Bg4 15. Nd6 Bxf3 16. Nxe4 b5
17. Bxf7+ Rxf7 18. gxf3 e6 19. Nd6 Re7 20. Rc8+ Bf8 21. Qc3
1-0

[Event "FSIM June"]
[Site "Budapest HUN"]
[Date "2005.??.??"]
[EventDate "?"]
[Round "7"]
[Result "1-0"]
[White "Evarth Kahn"]
[Black "Fabiano Caruana"]
[WhiteElo "2293"]
[BlackElo "2255"]
[PlyCount "87"]

1. g3 g6 2. Bg2 Bg7 3. f4 d5 4. Nf3 Nf6 5. d3 O-O 6. O-O c5
7. Qe1 Nc6 8. e4 dxe4 9. dxe4 Bg4 10. e5 Nd5 11. Qf2 Qb6
12. c3 Rad8 13. Nbd2 Bf5 14. Nb3 Bd3 15. Re1 c4 16. Qxb6 axb6
17. Nbd4 Rc8 18. a3 Rfd8 19. Bf1 Bxf1 20. Kxf1 e6 21. Nc2 Bf8
22. Be3 Nxe3+ 23. Nxe3 b5 24. Rad1 Bc5 25. Ng4 Be7 26. Ke2 Kg7
27. Rxd8 Rxd8 28. Rd1 Rxd1 29. Kxd1 h5 30. Nf2 g5 31. fxg5 Kg6
32. Ne4 Kf5 33. Nd6+ Bxd6 34. exd6 e5 35. Nd2 Kxg5 36. a4 bxa4
37. Nxc4 Kg4 38. d7 f6 39. Nd6 Nd8 40. c4 b6 41. Ke2 Kh3
42. Kf2 Kxh2 43. Ne8 f5 44. Ng7 1-0

[Event "FSIM June"]
[Site "Budapest HUN"]
[Date "2005.??.??"]
[EventDate "?"]
[Round "8"]
[Result "0-1"]
[White "Fabiano Caruana"]
[Black "Giuseppe Lettieri"]
[WhiteElo "2255"]
[BlackElo "2246"]
[PlyCount "98"]

1. e4 c5 2. Nf3 d6 3. c3 Nf6 4. Be2 g6 5. O-O Bg7 6. d3 O-O
7. h3 Nc6 8. Be3 e5 9. Nbd2 b6 10. d4 Nh5 11. Nc4 exd4
12. cxd4 Ba6 13. d5 Bxc4 14. Bxc4 Na5 15. Be2 Bxb2 16. Rb1 Bg7
17. Nd2 Nf6 18. f4 Nxe4 19. Nxe4 Qe7 20. Bf3 f5 21. Ng5 Qxe3+
22. Kh1 Qxf4 23. Ne6 Qg3 24. Nxf8 Be5 25. Kg1 Rxf8 26. Qa4
Qh2+ 27. Kf2 Bd4+ 28. Ke2 Qf4 29. Kd1 Qe3 30. Qc2 Re8 31. Qe2
Qxe2+ 32. Bxe2 Re5 33. Bf3 Nc4 34. Re1 Ne3+ 35. Kd2 c4 36. a4
a5 37. Rb5 f4 38. Reb1 Bc5 39. Rxb6 Bxb6 40. Rxb6 Nxd5
41. Rxd6 Nb4 42. Rd4 Rc5 43. Kc3 Na2+ 44. Kc2 Kg7 45. Rxf4 c3
46. Be2 Nb4+ 47. Kc1 Re5 48. Rf2 c2 49. g4 Rc5 0-1

[Event "FSIM June"]
[Site "Budapest HUN"]
[Date "2005.??.??"]
[EventDate "?"]
[Round "10"]
[Result "1/2-1/2"]
[White "Fabiano Caruana"]
[Black "Robert Torma"]
[WhiteElo "2255"]
[BlackElo "2227"]
[PlyCount "102"]

1. e4 c5 2. Nf3 d6 3. c3 Nf6 4. Bd3 g6 5. Bc2 Bg7 6. O-O O-O
7. h3 Nc6 8. Re1 Ne8 9. d3 d5 10. e5 Nc7 11. Bf4 d4 12. Bg3
dxc3 13. bxc3 Ne6 14. Nbd2 b5 15. Ne4 b4 16. Ba4 Bd7 17. Rc1
Bh6 18. Nfd2 Na5 19. Bh4 Qe8 20. Bc2 bxc3 21. Nxc3 Bc6
22. Nce4 c4 23. Bb1 cxd3 24. Rc3 Nf4 25. Ra3 Bxe4 26. Rxe4
Ne2+ 27. Kh1 Rc8 28. Nf1 Nc3 29. Qxd3 Nxe4 30. Rxa5 Rc1
31. Qxe4 Rxf1+ 32. Kh2 Qd8 33. Ra4 Qd1 34. Bc2 Rh1+ 35. Kg3
Qd2 36. Bxe7 Rc8 37. Rd4 Qe1 38. Bb3 Qxe4 39. Rxe4 Bf8
40. Bxf8 Kxf8 41. Rf4 Rc7 42. e6 f5 43. Rb4 Ke7 44. Rb8 Rhc1
45. Rh8 Kd6 46. Rd8+ Ke7 47. Rh8 h5 48. Rg8 Kf6 49. Rf8+ Kg7
50. Rg8+ Kf6 51. Rf8+ Kg7 1/2-1/2

[Event "Narciso Yepes Memorial"]
[Site "Lorca"]
[Date "2005.??.??"]
[EventDate "2005.07.01"]
[Round "?"]
[Result "1/2-1/2"]
[White "Fabiano Caruana"]
[Black "Aleksa Strikovic"]
[WhiteElo "2381"]
[BlackElo "2498"]
[PlyCount "75"]

1. e4 d5 2. exd5 Qxd5 3. Nc3 Qd6 4. d4 Nf6 5. Nf3 a6 6. g3 Bg4
7. h3 Bh5 8. Bg2 Nc6 9. O-O O-O-O 10. Bf4 Qb4 11. g4 Bg6
12. a3 Qxb2 13. Qe1 e6 14. Rb1 Qxc2 15. Ne5 Bd6 16. Rxb7 Kxb7
17. Nxc6 Kc8 18. Be5 Bxe5 19. dxe5 Nd5 20. Nxd5 exd5 21. Ne7+
Kd7 22. Nxd5 Bd3 23. Nb4 Qc4 24. Qd2 Ke8 25. Rc1 Qb3 26. Rxc7
h6 27. Bc6+ Kf8 28. Bd5 Bc4 29. Rxf7+ Ke8 30. Nc6 Bxd5
31. Re7+ Kf8 32. Qf4+ Kg8 33. Rxg7+ Kxg7 34. Qf6+ Kh7 35. Qf5+
Kg7 36. Qf6+ Kh7 37. Qf5+ Kg7 38. Qf6+ 1/2-1/2

[Event "FSGM February"]
[Site "Budapest HUN"]
[Date "2006.02.07"]
[EventDate "2006.02.04"]
[Round "4"]
[Result "0-1"]
[White "Fabiano Caruana"]
[Black "Fabrizio Bellia"]
[WhiteElo "2409"]
[BlackElo "2390"]
[PlyCount "110"]

1. e4 e5 2. Bc4 Nf6 3. d3 Nc6 4. Nc3 Be7 5. f4 d6 6. Nf3 Bg4
7. h3 Bxf3 8. Qxf3 Nd4 9. Qd1 c6 10. O-O O-O 11. Be3 b5
12. Bb3 a5 13. a3 Nxb3 14. cxb3 exf4 15. Bxf4 d5 16. e5 Ne8
17. d4 Nc7 18. Qd3 Qd7 19. Ne2 Ne6 20. Rae1 c5 21. dxc5 Nxc5
22. Qe3 Ne6 23. Kh1 d4 24. Qg3 Rad8 25. Bd2 b4 26. Nf4 Nxf4
27. Rxf4 Qe6 28. Qd3 Bg5 29. Rg4 Bxd2 30. Qxd2 bxa3 31. bxa3
d3 32. b4 axb4 33. axb4 Rd5 34. Rge4 Rc8 35. R4e3 Rcd8 36. Re4
h6 37. R1e3 R8d7 38. Re1 Rc7 39. R4e3 Rc2 40. Qd1 Qg6 41. Qf3
Rd8 42. Rd1 d2 43. Re2 Rd3 44. Qa8+ Kh7 45. Rf2 Rc1 46. Rff1
Rdc3 47. Qa4 Qb1 48. Kh2 Qd3 49. Kg1 Qb1 50. Kh2 Rxd1 51. Rxd1
Rc1 52. Rxd2 Rh1+ 53. Kg3 Qg6+ 54. Kf2 Qf5+ 55. Ke2 Qe4+ 0-1

[Event "FSGM February"]
[Site "Budapest HUN"]
[Date "2006.02.10"]
[EventDate "?"]
[Round "7"]
[Result "1/2-1/2"]
[White "Bill Paschall"]
[Black "Fabiano Caruana"]
[WhiteElo "2368"]
[BlackElo "2409"]
[PlyCount "94"]

1. Nf3 Nf6 2. c4 e6 3. d4 Bb4+ 4. Bd2 Qe7 5. g3 Nc6 6. Nc3
Bxc3 7. Bxc3 Ne4 8. Rc1 O-O 9. Bg2 d6 10. d5 Nd8 11. dxe6 Nxe6
12. O-O a5 13. Re1 N6c5 14. Nd2 f5 15. Nxe4 fxe4 16. Bd4 Na6
17. Be3 Kh8 18. Qd5 Bf5 19. Qxa5 Nc5 20. Qc3 Rxa2 21. b4 Nd7
22. Ra1 Rxa1 23. Rxa1 Ne5 24. c5 Qe6 25. Bd4 Bg6 26. f4 exf3
27. exf3 Rg8 28. Re1 Re8 29. Re3 Qa2 30. h3 Qb1+ 31. Kh2 Rg8
32. Bxe5 dxe5 33. Rxe5 c6 34. Re7 Qa2 35. Rxb7 Bf7 36. b5 Re8
37. Qd4 Re2 38. Qg1 cxb5 39. Rxb5 Qc2 40. Rb6 Bg8 41. g4 h6
42. Kg3 Kh7 43. Bf1 Qd1 44. Rb7 Qe1+ 45. Kf4 Qc1+ 46. Kg3 Qe1+
47. Kf4 Qc1+ 1/2-1/2

[Event "FSGM February"]
[Site "Budapest HUN"]
[Date "2006.02.12"]
[EventDate "2006.02.04"]
[Round "9"]
[Result "1-0"]
[White "Peter Prohaszka"]
[Black "Fabiano Caruana"]
[WhiteElo "2344"]
[BlackElo "2409"]
[PlyCount "179"]

1. e4 e6 2. d4 d5 3. e5 c5 4. c3 Nc6 5. Nf3 Bd7 6. a3 f6 7. b4
fxe5 8. dxe5 Nh6 9. Bd3 Nf7 10. Qe2 Qc7 11. Bf4 Be7 12. h4
O-O-O 13. Nbd2 c4 14. Bc2 Rdf8 15. Qe3 Kb8 16. O-O g6 17. Rae1
Qd8 18. Ng5 Qe8 19. Nxf7 Rxf7 20. Bg5 h6 21. Bxe7 Nxe7 22. Nf3
Nf5 23. Bxf5 gxf5 24. Qf4 Rg7 25. Nh2 Ba4 26. Re2 Qh5 27. Rd2
Bc6 28. Rd4 Rhg8 29. g3 Qe2 30. Rc1 Rg6 31. Rd2 Qe4 32. Rd4
Qe2 33. Rd2 Qh5 34. Rd4 R6g7 35. Qf3 Qf7 36. Qe3 Rh7 37. Nf3
Qe7 38. Rf4 Be8 39. Nd4 Rhg7 40. Kh2 Bd7 41. Ra1 Qf8 42. Ne2
Ba4 43. Rd4 Bc2 44. Qxh6 Qe8 45. Nf4 Re7 46. Qh5 Qa4 47. Qe2
Rg4 48. f3 Rg8 49. Rd2 Bb3 50. Nh5 Rh8 51. Nf4 Qe8 52. Qe3 b6
53. Rg2 Ba4 54. Kg1 Rd7 55. Qd4 Rg7 56. Kf2 Qe7 57. Rh1 Be8
58. Rh3 Bf7 59. Qe3 Qe8 60. Ne2 Qa4 61. Qc1 Bh5 62. Nd4 Qd7
63. Rh1 Rg6 64. Qf4 Rhg8 65. Ra1 Kb7 66. b5 Qe7 67. a4 R6g7
68. a5 Rf7 69. Kg1 bxa5 70. Rxa5 Qc5 71. Kh2 Rh7 72. Rga2 Ka8
73. Nxe6 Qb6 74. Qd4 Qxd4 75. Nxd4 f4 76. Nc6 fxg3+ 77. Kg2
Rgg7 78. b6 Be8 79. Nb4 d4 80. cxd4 c3 81. Rc5 Rxh4 82. Rxa7+
Rxa7 83. Rc8+ Kb7 84. bxa7 Kxa7 85. Rxe8 Kb7 86. Kxg3 Rxd4
87. e6 Rxb4 88. e7 c2 89. Rb8+ Ka7 90. e8=Q 1-0

[Event "FSGM February"]
[Site "Budapest HUN"]
[Date "2006.02.13"]
[EventDate "2006.02.04"]
[Round "10"]
[Result "1/2-1/2"]
[White "Fabiano Caruana"]
[Black "Dejan Antic"]
[WhiteElo "2409"]
[BlackElo "2505"]
[PlyCount "125"]

1. e4 c5 2. Nf3 e6 3. c3 Nf6 4. e5 Nd5 5. d4 cxd4 6. Qxd4 Nc6
7. Qe4 b6 8. Bc4 Nde7 9. O-O Bb7 10. Qe2 Ng6 11. Re1 Qc7
12. Nbd2 d6 13. exd6 Bxd6 14. Ne4 Bf4 15. Ba6 Bxa6 16. Qxa6
O-O 17. Bxf4 Qxf4 18. Rad1 Rad8 19. Qe2 h6 20. h3 Nce7 21. g3
Qf5 22. Kh2 e5 23. c4 Qe6 24. Nc3 f6 25. h4 Rfe8 26. b3 Qg4
27. Rd3 Nc6 28. Red1 Rxd3 29. Qxd3 Rd8 30. Qe2 Rxd1 31. Qxd1
Nge7 32. Qd3 Kf7 33. Kg2 Qe6 34. Qe3 f5 35. a3 e4 36. Nd2 Qd6
37. b4 Qd4 38. Ne2 Qxe3 39. fxe3 Ne5 40. Nd4 Ng4 41. Nc2 Ke6
42. Kf1 Ke5 43. Ke2 g5 44. hxg5 hxg5 45. Nb3 Ng6 46. Nbd4 f4
47. gxf4+ gxf4 48. exf4+ Nxf4+ 49. Kd2 a6 50. c5 b5 51. Nc6+
Kd5 52. Nb8 Ne6 53. Ne3+ Nxe3 54. Kxe3 Nd4 55. Nd7 Nc2+
56. Kf4 e3 57. Nf6+ Ke6 58. c6 Kd6 59. c7 Kxc7 60. Nd5+ Kd6
61. Nxe3 Nxa3 62. Ke4 Kc6 63. Kd4 1/2-1/2

[Event "FSGM February"]
[Site "Budapest HUN"]
[Date "2006.02.14"]
[EventDate "2006.02.04"]
[Round "11"]
[Result "1-0"]
[White "Zlatko Ilincic"]
[Black "Fabiano Caruana"]
[WhiteElo "2545"]
[BlackElo "2409"]
[PlyCount "119"]

1. d4 Nf6 2. c4 e6 3. Nf3 Bb4+ 4. Bd2 Qe7 5. g3 Nc6 6. Bg2
Bxd2+ 7. Nbxd2 d6 8. O-O a5 9. e4 e5 10. d5 Nb8 11. Ne1 h5
12. Nef3 Nbd7 13. Nh4 Nc5 14. Qc2 g5 15. Nf5 Bxf5 16. exf5 h4
17. Rfe1 hxg3 18. hxg3 g4 19. b3 Rh5 20. a3 Qd7 21. b4 Na6
22. c5 Qxf5 23. Qxf5 Rxf5 24. cxd6 cxd6 25. Nc4 Ke7 26. Nxa5
b6 27. Nc4 Nd7 28. Ne3 Rg5 29. Be4 Nf6 30. Bd3 Nc7 31. Rec1
Ra7 32. Nf5+ Kd7 33. Rc6 Nfe8 34. Rxb6 Nxd5 35. Rb8 Nef6
36. Ne3 Nxe3 37. fxe3 e4 38. Be2 Rc7 39. a4 Rc2 40. Bb5+ Ke6
41. Rh8 Rf5 42. Bf1 Rf3 43. a5 Rxg3+ 44. Kh1 Rf3 45. a6 Rc7
46. Bg2 Rxe3 47. a7 Rxa7 48. Rxa7 Rb3 49. Rb8 e3 50. Ra1 Ke5
51. Rb7 d5 52. Rxf7 Ke6 53. Rb7 e2 54. Kg1 Re3 55. Kf2 d4
56. Ke1 d3 57. Kd2 Rg3 58. Ra6+ Kf5 59. Rb5+ Kg6 60. Be4+ 1-0

[Event "XXIV Andorra Open"]
[Site "Andorra la Vella AND"]
[Date "2006.07.10"]
[EventDate "2006.07.08"]
[Round "3"]
[Result "1-0"]
[White "Reynaldo Vera"]
[Black "Fabiano Caruana"]
[WhiteElo "2510"]
[BlackElo "2444"]
[PlyCount "121"]

1. d4 Nf6 2. c4 e6 3. Nc3 Bb4 4. Qc2 c5 5. dxc5 O-O 6. a3 Bxc5
7. Nf3 b6 8. Bg5 Bb7 9. Rd1 h6 10. Bc1 Nc6 11. e3 Qc7 12. Be2
Ne5 13. Nxe5 Qxe5 14. O-O Rac8 15. b4 Be7 16. Bb2 Qg5 17. e4
Qg6 18. f4 Nxe4 19. Bd3 d5 20. Bxe4 dxe4 21. Rd7 Bf6 22. Rxb7
Rxc4 23. Qb3 Rfc8 24. f5 Bd4+ 25. Kh1 Qf6 26. Nxe4 Qxf5
27. Qxc4 Rxc4 28. Rxf5 Bxb2 29. Nd2 Rc2 30. Rf2 Bd4 31. Rfxf7
Rxd2 32. g3 Kh7 33. Rbd7 Kg6 34. h4 e5 35. g4 Rd1+ 36. Kh2
Rd2+ 37. Kh3 Rd3+ 38. Kg2 e4 39. Rf4 Bb2 40. Rxd3 exd3 41. Rf5
Bxa3 42. b5 d2 43. h5+ Kh7 44. Rd5 Bb4 45. Rd7 Kg8 46. Kf3 Kf8
47. Ke2 Ba5 48. Rxa7 Bb4 49. Rb7 Ba5 50. Kd1 Kg8 51. Ra7 Bb4
52. Rb7 Ba5 53. Ra7 Bb4 54. Kc2 Kf8 55. Rd7 Ba5 56. Rb7 Kg8
57. Ra7 Bb4 58. Ra6 Bc5 59. Kxd2 Kf7 60. Ra4 Kf6 61. Rc4 1-0

[Event "XXIV Andorra Open"]
[Site "Andorra la Vella AND"]
[Date "2006.07.12"]
[EventDate "2006.07.08"]
[Round "5"]
[Result "1-0"]
[White "Aleksander Petkov Delchev"]
[Black "Fabiano Caruana"]
[WhiteElo "2637"]
[BlackElo "2444"]
[PlyCount "103"]

1. e4 c5 2. Nf3 e6 3. d4 cxd4 4. Nxd4 a6 5. Nc3 Qc7 6. Bd3 Nf6
7. O-O Bc5 8. Nb3 Ba7 9. Qe2 d6 10. Kh1 Nc6 11. f4 O-O 12. Bd2
Nd4 13. Qe1 Nd7 14. Qg3 b5 15. f5 Kh8 16. fxe6 fxe6 17. e5 Nf5
18. Bxf5 exf5 19. exd6 Qc4 20. Rae1 Nf6 21. Na5 Qg4 22. Qxg4
Nxg4 23. h3 Nf6 24. Nc6 Bc5 25. Bf4 Bd7 26. Ne5 Rad8 27. Nd3
Bd4 28. Re7 Rfe8 29. Be5 Bxc3 30. Bxc3 Rxe7 31. dxe7 Re8
32. Bxf6 gxf6 33. Re1 Kg7 34. Nc5 Bc8 35. Kg1 Kf7 36. Kf2 Rxe7
37. Rxe7+ Kxe7 38. Ke3 Kd6 39. Kd4 a5 40. Nd3 Bb7 41. g3 Bd5
42. a3 a4 43. h4 Bf7 44. Nf4 Ba2 45. Nh5 Bb1 46. c3 Ke7
47. Nf4 Kd6 48. Nd5 h6 49. Nxf6 Ba2 50. Ne8+ Ke7 51. Nc7 Bc4
52. Ke5 1-0

[Event "XXIV Andorra Open"]
[Site "Andorra la Vella AND"]
[Date "2006.07.13"]
[EventDate "2006.07.08"]
[Round "6"]
[Result "1/2-1/2"]
[White "Fabiano Caruana"]
[Black "Vidal Alejandro Gonzalez Arribas"]
[WhiteElo "2444"]
[BlackElo "2301"]
[PlyCount "118"]

1. e4 c5 2. Nf3 Nc6 3. d4 cxd4 4. Nxd4 g6 5. c4 Bg7 6. Nc2 d6
7. Nc3 Nh6 8. Bd3 O-O 9. O-O f5 10. Bxh6 Bxh6 11. exf5 Bxf5
12. Bxf5 Rxf5 13. Nd4 Nxd4 14. Qxd4 Bg7 15. Qd3 Bxc3 16. Qxc3
Rc8 17. Qe3 a6 18. Qe6+ Kf8 19. Rfe1 Rcc5 20. Rad1 Qc7 21. b3
b5 22. Rd5 bxc4 23. Rxf5+ Rxf5 24. bxc4 Rf7 25. h3 Qc5 26. Re2
a5 27. Qe4 Qf5 28. Qd4 Qf6 29. Qd2 Qf5 30. Qc3 Rf6 31. Qe3 Rf7
32. h4 Qg4 33. Qc3 Rf6 34. Qe3 Rf7 35. Qc3 Rf6 36. Qe3 Rf7
37. c5 dxc5 38. Qe5 Qd4 39. Qxd4 cxd4 40. Re4 d3 41. Rd4 d2
42. Rxd2 Rf4 43. g3 Ra4 44. Kf1 Kf7 45. Ke2 Kf6 46. f3 Kf5
47. Kf2 e5 48. Rb2 Ra3 49. Re2 Ra4 50. Rb2 h6 51. Rc2 g5
52. hxg5 hxg5 53. Rb2 g4 54. Re2 gxf3 55. Kxf3 e4+ 56. Kf2 Kg4
57. Ke3 Kxg3 58. Rb2 Kg4 59. Rb5 Rxa2 1/2-1/2

[Event "XXIV Andorra Open"]
[Site "Andorra la Vella AND"]
[Date "2006.07.14"]
[EventDate "2006.07.08"]
[Round "7"]
[Result "1-0"]
[White "Pablo Almagro Llamas"]
[Black "Fabiano Caruana"]
[WhiteElo "2380"]
[BlackElo "2444"]
[PlyCount "99"]

1. e4 c5 2. Nf3 e6 3. d4 cxd4 4. Nxd4 a6 5. Nc3 Qc7 6. g3 Bb4
7. Nde2 Nf6 8. Bg2 Be7 9. O-O O-O 10. a4 Nc6 11. Kh1 b6 12. f4
Bb7 13. Ng1 Rad8 14. Qe2 d5 15. e5 Nd7 16. Nf3 Nc5 17. Nd1 a5
18. Nc3 Ba6 19. Nb5 Qd7 20. b3 d4 21. Ba3 d3 22. cxd3 Nxb3
23. Bxe7 Nxe7 24. Rab1 Bxb5 25. axb5 Qxd3 26. Qxd3 Rxd3
27. Ng5 h6 28. Ne4 a4 29. Nd6 Rc3 30. Rf2 Nc5 31. Ra2 Rb3
32. Rc1 Nd5 33. Bxd5 exd5 34. Rd1 Ra8 35. Rxd5 Nd3 36. Rd4 a3
37. Nc4 Nc1 38. Rxa3 Raxa3 39. Nxa3 Rxa3 40. Rd6 Rb3 41. Rxb6
Ne2 42. Rb8+ Kh7 43. b6 Kg6 44. Kg2 Nc3 45. b7 Ne4 46. f5+
Kxf5 47. e6 Kf6 48. Re8 Rb2+ 49. Kg1 Rxb7 50. exf7 1-0

[Event "1st Patrimonio de la Humanidad Open"]
[Site "?"]
[Date "2006.10.12"]
[EventDate "?"]
[Round "?"]
[Result "1-0"]
[White "Fabiano Caruana"]
[Black "Jose Candela Perez"]
[WhiteElo "2474"]
[BlackElo "2406"]
[PlyCount "41"]

1. e4 c5 2. Nf3 d6 3. d4 cxd4 4. Nxd4 Nf6 5. Nc3 a6 6. Be3 e6
7. Be2 Nbd7 8. O-O Nc5 9. f3 b6 10. Qe1 Bb7 11. Qg3 Qc7
12. Rfd1 g6 13. a4 Bg7 14. a5 bxa5 15. Ndb5 axb5 16. Nxb5 Qc6
17. Nxd6+ Kf8 18. Bb5 Qc7 19. Nxb7 Qxb7 20. Qd6+ Kg8 21. Bc6
1-0